00428nam a2200145Ia 4500020001800000082001800018245004900036260004000085300000800125504001900133650003100152650003500183650004400218700002000262 a9788173048241 a297.0954 ISL- 0aIslam in South Asia: negotiating diversities aNew DelhibManohar Publishersc2009 a294 aincludes index aIslamvSouth AsiavHistory aIslam and politicszSouth Asia aMuslimsvSouth AsiavPolitical activity aHasan, Mushirul